Biblioteka Instytutu Północnego w Olsztynie

Pozew sądowy w średniowiecznym procesie polskim / (Rekord nr 27888)

Szczegóły MARC
000 -Nagłówek
fixed length control field 01654cam a2200337 i 4500
001 - Nr kontrolny bibl., która utworzyła rek.
control field zz2004994810
003 - Siglum bibl., której nr kontr. jest w 001
control field NUKAT
005 - Data i czas ostatniej operacji
control field 20260429225042.0
008 - Elementy pola stałej długości
fixed length control field 041130s1925 pl |000 0 pol c
035 ## - Systemowy numer kontrolny
systemowy numer kontrolny (OCoLC)749770132
035 ## - Systemowy numer kontrolny
systemowy numer kontrolny (NUKAT)zz2004994810
040 ## - Instytucja sporządzająca opis
Instytucja, która sporządziła opis GD U/TZ
język katalgowania-trzyzn. kod pol
zasady opisu rda
Instytucja, która sporządziła rekord GD U/TZ
Instytucja, która zmodyfikowała rekord GD U/TZ
-- GD U/ENs
-- KR 048/RW
-- KR 048/AK
041 0# - Kod nazwy języka dokumentu
Język tekstu pol
-- lat
100 1# - Hasło główne-nazwa osobowa
Nazwa osobowa Vetulani, Adam
Daty biograficzne (1901-1976).
rodzaj współpracy Autor
9 (RLIN) 2698
245 10 - Tytuł właściwy i oznaczenie odpow.
tytuł Pozew sądowy w średniowiecznym procesie polskim /
dod. inf. ze s. tyt./ozn. odpow. Adam Vetulani.
260 ## - Adres wydawniczy
miejsce wydania, dystrybucji itp. Kraków :
nazwa wydawcy, dystrybutora itp. Polska Akademja Umiejętności ;
miejsce wydania, dystrybucji itp. Warszawa :
nazwa wydawcy, dystrybutora itp. Skład główny w Księgarniach Gebethnera i Wolfa,
data wydania, dystrybucji itp. 1925
miejsce druku (Kraków :
nazwa drukarni Drukarnia Uniwersytetu Jagiellońskiego pod zarządem J. Filipowskiego).
300 ## - Opis fizyczny
objętość i/lub forma materiału 115 stron ;
format 25 cm.
336 ## - Content Type
Term Tekst
Code txt
Source rdacontent
337 ## - Media Type
Term Bez urządzenia pośredniczącego
Code n
Source rdamedia
338 ## - Carrier Type
Term Wolumin
Code nc
Source rdacarrier
490 1# - Tytuł serii i ks. wielotom.-nie do wysz.
oznaczenie serii Rozprawy / Polska Akademja Umiejętności. Wydział Historyczno-Filozoficzny ;
numer woluminu Ser. 2, t. 40 (og. zbioru t. 65), nr 3
530 ## - Uwaga o dod. formie fiz. materiału
uwaga o dodatkowej fizycznej formie dokumentu Dostępne również w formie elektronicznej.
546 ## - Uwaga o języku opisywanego materiału
uwaga o języku Fragmenty tekstu w języku łacińskim.
650 #7 - Hasło przedmiotowe-nazwa pospolita
nazwa pospolita lub geogr. Postępowanie (prawo)
określnik geograficzny Polska
określnik chronologiczny średniowiecze.
źródło hasła kaba
9 (RLIN) 40952
710 2# - Hasło dodatkowe - nazwa ciała zbior.
nazwa ciała zbior. lub nazwa geogr. Polska Akademia Umiejętności (1919-1952).
rodzaj współpracy Wydawca
kod rodzaju współpracy pbl
9 (RLIN) 1634
710 2# - Hasło dodatkowe - nazwa ciała zbior.
nazwa ciała zbior. lub nazwa geogr. Gebethner i Wolff.
rodzaj współpracy Wydawca
kod rodzaju współpracy pbl
9 (RLIN) 1246
710 2# - Hasło dodatkowe - nazwa ciała zbior.
nazwa ciała zbior. lub nazwa geogr. Drukarnia Uniwersytetu Jagiellońskiego.
rodzaj współpracy Druk
kod rodzaju współpracy prt
9 (RLIN) 536
830 #0 - Hasło dod. serii i op. ks. wielotom. -tyt
tytuł Rozprawy Polskiej Akademii Umiejętności.
tytuł części/sekcji pracy Wydział Historyczno-Filozoficzny
oznaczenie tomu Ser. 2, t. 40 = 65, nr 3
9 (RLIN) 2632
856 41 - Elektroniczne źródła danych i spos. dost.
URL (Uniform Resource Locator) <a href="https://repozytorium.biblos.pk.edu.pl/resources/46157">https://repozytorium.biblos.pk.edu.pl/resources/46157</a>
942 ## - ADDED ENTRY ELEMENTS (KOHA)
Source of classification or shelving scheme Dewey Decimal Classification
Koha item type pozycje dostępne na miejscu
Egzemplarze
Status wycofania Status zagubienia Klasyfikacja Status uszkodzenia Blokada wypożyczeń Kolekcja Lokalizacja macierzysta Lokalizacja bieżąca Data nabycia Numer akcesji Źródło akcesji Nr inwentarzowy il. wypożyczeń Sygnatura Kod kreskowy Date last seen Price effective from Typ egz.
    Dewey Decimal Classification nieuszkodzona   Pracownia Badań Księgozbiorów Historycznych Biblioteka Instytutu Północnego w Olsztynie Pracownia Badań Księgozbiorów Historycznych 29/04/2026 K-31/1966 kupno 16772   16772 IPWK22232 29/04/2026 29/04/2026 pozycje dostępne na miejscu
Biblioteka Instytutu Północnego, ul. Partyzantów 87, 10-402 Olsztyn, email: biblioteka(at)ip.olsztyn.pl